| 000 | 00880cab a2200241 4500 | ||
|---|---|---|---|
| 001 | WB3231-04 | ||
| 008 | 090401t1996 xxu||||| |||| 00| 0 eng d | ||
| 035 | _a(Sirsi) u69457 | ||
| 041 | _aeng | ||
| 245 | _aLooking after your home | ||
| 260 | _c1996 | ||
| 350 | _a0 | ||
| 490 |
_aRICS Press Release _v(F104.home) 13 August 1996, (4) |
||
| 520 | _aA free guide from the RICS "Looking after your home" provides homeowners with a checklist for spotting defects in their property, understanding possible causes, and taking steps to solve the problem. Available from the RICS Information Centre. | ||
| 650 | _aBUILDING DEFECTS | ||
| 650 | _aBUILT ENVIRONMENT-BUILDING MAINTENANCE AND REFURBISHMENT | ||
| 650 | _aBUILDINGS INSURANCE | ||
| 650 | _aHOME OWNERSHIP | ||
| 650 | _aRICS | ||
| 690 | _aBUILT ENVIRONMENT-BUILDING PATHOLOGY | ||
| 942 | _n0 | ||
| 948 | _c04/03/1997 | ||
| 999 |
_c43625 _d43625 |
||